| 000 | 00525nam a2200193 a 4500 | ||
|---|---|---|---|
| 005 | 20210219152824.0 | ||
| 008 | 991125n 000 0 eng u | ||
| 035 | _aUPN01000062348 | ||
| 100 | _aTORPEY, William G. | ||
| 222 | _aHARVARD EDUCATIONAL REVIEW | ||
| 245 | _aA saga of sixteen-year-old seamen | ||
| 260 | _aMASSACHUSETTS. EUA | ||
| 300 | _a44-51 | ||
| 362 | _a1946 Vol. 16, No. 1, winter | ||
| 653 | 0 | _aEDUCACION MILITAR | |
| 653 | 0 | _aESTADOS UNIDOS DE AMERICA | |
| 904 |
_aAC _b000159 |
||
| 905 | _aArticulo | ||
| 999 |
_c61670 _d61670 |
||